000 00626nam a2200241Ia 4500
003 OSt
005 20220924152007.0
006 a|||||r|||| 00| 0
007 ta
008 220923b |||||||| |||| 00| 0 ara d
024 _a340335
037 _cTextual
040 _aARTS
_cARTS
_bara
041 _2ara
_aara
082 _aO28,6M89,QM, K5
100 _aAl-Aqqad Abbas Mahmoud Au.
245 0 _aRiwayata qambiz fi-al-mizan
260 _c1965
300 _a192p.
_ccm.
650 _aARABIC PROSE
942 _hO28,6M89,QM, K5
_cTEXL
_2CC
999 _c468360
_d468360